| 000 | 01567nam a2200373Ia 4500 | ||
|---|---|---|---|
| 001 | ebr10081961 | ||
| 003 | CaPaEBR | ||
| 006 | m u | ||
| 007 | cr cn||||||||| | ||
| 008 | 040113s2004 maua sb 001 0 eng d | ||
| 010 | _z 2004041023 | ||
| 020 | _z1580536336 | ||
| 020 | _z1580536328 (alk. paper) | ||
| 040 |
_aCaPaEBR _cCaPaEBR |
||
| 035 | _a(OCoLC)559836192 | ||
| 050 | 1 | 4 |
_aTK5102.985 _b.K97 2004eb |
| 100 | 1 |
_aKyriazakos, Sofoklis A., _d1975- |
|
| 245 | 1 | 0 |
_aPractical radio resource management in wireless systems _h[electronic resource] / _cSofoklis A. Kyriazakos, George T. Karetsos. |
| 260 |
_aBoston : _bArtech House, _cc2004. |
||
| 300 |
_axi, 242 p. : _bill. |
||
| 490 | 1 | _aArtech House universal personal communications series | |
| 504 | _aIncludes bibliographical references and index. | ||
| 533 |
_aElectronic reproduction. _bPalo Alto, Calif. : _cebrary, _d2009. _nAvailable via World Wide Web. _nAccess may be limited to ebrary affiliated libraries. |
||
| 650 | 0 |
_aTelecommunication _xTraffic _xManagement. |
|
| 650 | 0 | _aPersonal communication service systems. | |
| 650 | 0 |
_aRadio frequency allocation _xPlanning. |
|
| 650 | 0 | _aMobile communication systems. | |
| 650 | 0 | _aWireless communication systems. | |
| 655 | 7 |
_aElectronic books. _2local |
|
| 700 | 1 |
_aKaretsos, George T., _d1968- |
|
| 710 | 2 | _aebrary, Inc. | |
| 830 | 0 | _aArtech House universal personal communications series. | |
| 856 | 4 | 0 |
_uhttp://site.ebrary.com/lib/rucke/Doc?id=10081961 _zAn electronic book accessible through the World Wide Web; click to view |
| 999 |
_c156880 _d156880 |
||